Online Public Access Catalog -OPAC

Fundamentals of Physics (Record no. 3062)

MARC details
000 -LEADER
fixed length control field 00441nam a2200145Ia 4500
008 - FIXED-LENGTH DATA ELEMENTS--GENERAL INFORMATION
fixed length control field t1975 ru a i
040 ## - CATALOGING SOURCE
Original cataloging agency Ahmadu Bello University Library - Zaria
050 ## - LIBRARY OF CONGRESS CALL NUMBER
Classification number QC23
100 ## - MAIN ENTRY--PERSONAL NAME
Personal name Yavorsky, B.M.
245 #0 - TITLE STATEMENT
Title Fundamentals of Physics
Statement of responsibility, etc. by B.M.Yavorsky and A. A. Pinsky
260 ## - PUBLICATION, DISTRIBUTION, ETC.
Place of publication, distribution, etc. Moscow
Name of publisher, distributor, etc. MIR Publihers
Date of publication, distribution, etc. 1975
300 ## - PHYSICAL DESCRIPTION
Extent In 2 volumes
500 ## - GENERAL NOTE
General note Includes index
700 ## - ADDED ENTRY--PERSONAL NAME
Personal name Pinsky, A. A.

No items available.

Customized by ICT Technical Service Unit on 29th Dec 2022

Kashim Ibrahim Library